[Event "2 Festival Juan Martínez Sola - Grupo B"]
[Site "Almería ESP"]
[Date "2015.12.18"]
[Round "1.1"]
[White "Molano Lafuente, Ismael"]
[Black "Llena Velarde, David"]
[Result "1-0"]
[WhiteElo "1987"]
[BlackElo "1588"]
[PlyCount "75"]
[EventDate "2015.12.18"]
[EventType "swiss"]
[EventRounds "7"]
[EventCountry "ESP"]
[Source "lmi"]
[SourceDate "2015.12.18"]

1. f4 f5 2. Nf3 Nf6 3. b4 e6 4. b5 b6 5. e3 Bb7 6. Bb2 Be7 7. Be2 a6 8. a4 O-O
9. O-O c5 10. Na3 a5 11. Nc4 d5 12. Nce5 Nfd7 13. Qe1 Nxe5 14. Nxe5 Bh4 15. g3
Bf6 16. Bf3 Bxe5 17. Bxe5 Nd7 18. Bb2 Nf6 19. c4 Qd7 20. d4 Rac8 21. dxc5 bxc5
22. Bxf6 Rxf6 23. Qxa5 dxc4 24. Qa7 Rf7 25. Qxb7 Qxb7 26. Bxb7 Rxb7 27. Kf2 Rd8
28. Rfd1 Rd3 29. Ke2 Rbd7 30. a5 R7d5 31. a6 Rb3 32. Rxd5 exd5 33. a7 Rb2+ 34.
Kf3 g5 35. a8=Q+ Kg7 36. Ra7+ Kg6 37. Qc6+ Kh5 38. Rxh7# 1-0

[Event "2 Festival Juan Martínez Sola - Grupo B"]
[Site "Almería ESP"]
[Date "2015.12.18"]
[Round "1.2"]
[White "Alvarez Sanchez, Julian"]
[Black "Moreno Alberti, Manuel"]
[Result "0-1"]
[WhiteElo "1578"]
[BlackElo "1943"]
[PlyCount "126"]
[EventDate "2015.12.18"]
[EventType "swiss"]
[EventRounds "7"]
[EventCountry "ESP"]
[Source "lmi"]
[SourceDate "2015.12.18"]

1. e4 c5 2. Nf3 d6 3. d4 cxd4 4. Nxd4 Nf6 5. Nc3 a6 6. Be2 e6 7. Be3 b5 8. a3
Bb7 9. f3 Be7 10. O-O Nbd7 11. Qe1 O-O 12. Qg3 Rc8 13. Bd3 Ne5 14. Rad1 Qc7 15.
Qf2 Nc4 16. Bxc4 Qxc4 17. Qd2 Rfd8 18. Nb3 Qc7 19. Qf2 Nd7 20. Qg3 Ne5 21. Bg5
Nc4 22. Bc1 Nxa3 23. Nd4 Nc4 24. f4 b4 25. Nce2 Bxe4 26. f5 exf5 27. Nxf5 Bxf5
28. Rxf5 Ne5 29. Nd4 Ng6 30. Rdf1 Bf6 31. Nf3 Qb6+ 32. Kh1 Rxc2 33. h4 Qc7 34.
Be3 Qe7 35. Bg5 Bxg5 36. Nxg5 Qe2 37. Rxf7 Rdc8 38. R7f2 Qc4 39. Kg1 Rxf2 40.
Rxf2 Qxh4 41. Qe3 Ne5 42. Qd2 h6 43. Qd5+ Kh8 44. Ne6 Rc1+ 45. Rf1 Rxf1+ 46.
Kxf1 Qc4+ 47. Qxc4 Nxc4 48. Nc7 a5 49. Nd5 Nxb2 50. Ke2 Kg8 51. Ne7+ Kf7 52.
Nc6 Nc4 53. Nd4 Kf6 54. Kd3 d5 55. Nc6 Ke6 56. Kd4 Kd6 57. Nd8 a4 58. Nb7+ Kc6
59. Nc5 Kb5 60. Nd3 a3 61. Nc1 Ka4 62. Kxd5 Ne3+ 63. Ke4 b3 0-1

[Event "2 Festival Juan Martínez Sola - Grupo B"]
[Site "Almería ESP"]
[Date "2015.12.18"]
[Round "1.3"]
[White "Jimenez Ramallo, Francisco J"]
[Black "Titos Gonzalez, Jose Antonio"]
[Result "1-0"]
[WhiteElo "1908"]
[BlackElo "1552"]
[PlyCount "59"]
[EventDate "2015.12.18"]
[EventType "swiss"]
[EventRounds "7"]
[EventCountry "ESP"]
[Source "lmi"]
[SourceDate "2015.12.18"]

1. c4 Nf6 2. Nc3 g6 3. g3 Bg7 4. Bg2 d6 5. d4 e5 6. e3 c6 7. Nf3 e4 8. Nd2 d5
9. O-O O-O 10. cxd5 cxd5 11. f3 exf3 12. Nxf3 Bg4 13. Qb3 Qb6 14. Nxd5 Qxb3 15.
Nxf6+ Bxf6 16. axb3 Nc6 17. Nd2 Bg7 18. Ne4 Rfd8 19. Nf6+ Bxf6 20. Rxf6 Kg7 21.
Rf2 Be6 22. Ra3 f5 23. Bd2 Bd5 24. Bf1 a6 25. b4 b5 26. b3 Re8 27. Be2 Ne7 28.
Rf1 Nc6 29. Rfa1 Nxd4 30. Bc3 1-0

[Event "2 Festival Juan Martínez Sola - Grupo B"]
[Site "Almería ESP"]
[Date "2015.12.18"]
[Round "1.4"]
[White "Valero Barrios, Victor Hugo"]
[Black "Alonso Garcia, Aaron"]
[Result "1/2-1/2"]
[WhiteElo "1552"]
[BlackElo "1898"]
[PlyCount "139"]
[EventDate "2015.12.18"]
[EventType "swiss"]
[EventRounds "7"]
[EventCountry "ESP"]
[Source "lmi"]
[SourceDate "2015.12.18"]

1. b4 e6 2. Bb2 Nf6 3. a3 b6 4. e3 Bb7 5. Nf3 Be7 6. c4 O-O 7. Be2 c5 8. Qb3
Na6 9. b5 Nc7 10. d3 d5 11. Nbd2 Nd7 12. O-O-O a6 13. a4 Bf6 14. g4 Bxb2+ 15.
Qxb2 e5 16. Rhg1 Qe7 17. g5 e4 18. dxe4 dxe4 19. Nh4 Ne5 20. Kc2 Qe6 21. Ng2
Rfd8 22. Nf4 Qe7 23. h4 Ng6 24. Nh5 Qe5 25. Qxe5 Nxe5 26. Ng3 axb5 27. axb5
Ra2+ 28. Kc3 Rda8 29. Nb3 Ne8 30. Ra1 Rxa1 31. Rxa1 Rxa1 32. Nxa1 Nd6 33. Nb3
Kf8 34. Nd2 f5 35. gxf6 gxf6 36. Nh5 Kf7 37. Nf4 Ng6 38. Bh5 Nf5 39. Ng2 Kg7
40. Bxg6 hxg6 41. Nb1 Nh6 42. Kd2 Ng4 43. Ke2 Ne5 44. Nd2 Nf3 45. Nf4 Nxh4 46.
Nd5 Bxd5 47. cxd5 f5 48. Nc4 Kf6 49. Nxb6 Ke5 50. Kd2 g5 51. Kc3 f4 52. exf4+
gxf4 53. Nd7+ Kd6 54. Nf6 Nf5 55. Kc4 Ke5 56. Nd7+ Kd6 57. Nxc5 e3 58. fxe3
Nxe3+ 59. Kd4 Nxd5 60. Nd3 Ke6 61. Kc5 f3 62. Nf2 Ke5 63. Kc4 Ne3+ 64. Kd3 Ng2
65. Ne4 Kd5 66. Nd2 Ne1+ 67. Ke3 Kc5 68. Nxf3 Nxf3 69. Kxf3 Kxb5 70. Ke4
1/2-1/2

[Event "2 Festival Juan Martínez Sola - Grupo B"]
[Site "Almería ESP"]
[Date "2015.12.18"]
[Round "1.5"]
[White "Moya Albaladejo, Jose Antonio"]
[Black "Gonzalez Escortell, Adria"]
[Result "1-0"]
[WhiteElo "1876"]
[BlackElo "1545"]
[PlyCount "71"]
[EventDate "2015.12.18"]
[EventType "swiss"]
[EventRounds "7"]
[EventCountry "ESP"]
[Source "lmi"]
[SourceDate "2015.12.18"]

1. e4 e5 2. Nf3 Nc6 3. Bb5 a6 4. Ba4 Bc5 5. O-O b5 6. Bb3 Nf6 7. c3 d6 8. a4
Bb7 9. d4 Bb6 10. axb5 axb5 11. Rxa8 Qxa8 12. Qd3 Ba6 13. Bg5 Na5 14. Bxf6 gxf6
15. Nbd2 Nxb3 16. Nxb3 c5 17. dxc5 dxc5 18. Qd6 Qd8 19. Rd1 Bb7 20. Qxd8+ Bxd8
21. Nxc5 Bc8 22. b4 O-O 23. Rd5 Be7 24. Kf1 Bxc5 25. Rxc5 Rd8 26. Ke2 Be6 27.
Nd2 Rb8 28. g3 Kg7 29. f4 exf4 30. gxf4 Rb7 31. Ke3 Kh6 32. Nf3 Bc4 33. Nd4 Kg6
34. h4 Kh6 35. Nf5+ Kg6 36. h5+ 1-0

[Event "2 Festival Juan Martínez Sola - Grupo B"]
[Site "Almería ESP"]
[Date "2015.12.18"]
[Round "1.6"]
[White "Jimenez Tejada, Juan Jose"]
[Black "Perez Beltran, Salvador"]
[Result "1/2-1/2"]
[WhiteElo "1505"]
[BlackElo "1802"]
[PlyCount "85"]
[EventDate "2015.12.18"]
[EventType "swiss"]
[EventRounds "7"]
[EventCountry "ESP"]
[Source "lmi"]
[SourceDate "2015.12.18"]

1. d4 Nf6 2. Bg5 e6 3. e4 h6 4. Bxf6 Qxf6 5. c3 d6 6. Nf3 e5 7. Be2 g6 8. O-O
Bg7 9. d5 O-O 10. c4 a5 11. Nc3 Na6 12. a3 Bd7 13. Qc2 Qe7 14. Nd2 f5 15. f3
Qg5 16. Rfe1 h5 17. Rab1 Bh6 18. Rbd1 h4 19. Kh1 f4 20. Rg1 Kf7 21. h3 Bg7 22.
Nf1 Nc5 23. b4 axb4 24. axb4 Na4 25. Rc1 Nxc3 26. Qxc3 Ra2 27. Rc2 Rfa8 28.
Rxa2 Rxa2 29. Bd1 Bf8 30. b5 b6 31. Bb3 Ra8 32. Qb2 Bg7 33. Qc3 Ra7 34. Qe1 Ra3
35. Qc3 Ra8 36. Qe1 Ra3 37. Qc3 Qd8 38. Qb2 Ra8 39. Nd2 Qg5 40. Nf1 Ra5 41. Qb1
Ra8 42. Qe1 Ra3 43. Qc3 1/2-1/2

[Event "2 Festival Juan Martínez Sola - Grupo B"]
[Site "Almería ESP"]
[Date "2015.12.18"]
[Round "1.7"]
[White "Serrano Cattoni, Francisco"]
[Black "Diaz Recena, Juan Manuel"]
[Result "1-0"]
[WhiteElo "1762"]
[BlackElo "1484"]
[PlyCount "41"]
[EventDate "2015.12.18"]
[EventType "swiss"]
[EventRounds "7"]
[EventCountry "ESP"]
[Source "lmi"]
[SourceDate "2015.12.18"]

1. e4 e5 2. Nc3 Nf6 3. Bc4 Bb4 4. d3 d5 5. exd5 Nxd5 6. Qf3 Be6 7. Bd2 Bxc3 8.
bxc3 O-O 9. Rb1 b6 10. Bb3 c6 11. Qg3 Qf6 12. Nf3 Nd7 13. Bg5 Qf5 14. h3 h6 15.
Bxh6 Qf6 16. Bd2 a5 17. a4 Ne7 18. Bg5 Qf5 19. Bxe7 Rfe8 20. Qg5 f6 21. Qxf5
1-0

[Event "2 Festival Juan Martínez Sola - Grupo B"]
[Site "Almería ESP"]
[Date "2015.12.18"]
[Round "1.8"]
[White "Lopez Luque, Marina Elena"]
[Black "Gazquez Corral, Alba"]
[Result "0-1"]
[WhiteElo "1431"]
[BlackElo "1761"]
[PlyCount "58"]
[EventDate "2015.12.18"]
[EventType "swiss"]
[EventRounds "7"]
[EventCountry "ESP"]
[Source "lmi"]
[SourceDate "2015.12.18"]

1. e4 e6 2. Nf3 Nc6 3. d4 d5 4. e5 Nce7 5. Bd3 Nf5 6. O-O c5 7. c3 Qb6 8. Na3
Bd7 9. Nc2 Nge7 10. Re1 Nc6 11. Bxf5 exf5 12. Ne3 Be6 13. Ng5 cxd4 14. Nxe6
fxe6 15. cxd4 Qxd4 16. Qxd4 Nxd4 17. f4 Bb4 18. Rf1 Rc8 19. a3 Ba5 20. b4 Bb6
21. Bb2 Nc2 22. Rac1 Bxe3+ 23. Kh1 Bxc1 24. Rxc1 O-O 25. g3 Ne3 26. Re1 Ng4 27.
h3 Nf2+ 28. Kg1 Rc2 29. Bd4 Nxh3+ 0-1

[Event "2 Festival Juan Martínez Sola - Grupo B"]
[Site "Almería ESP"]
[Date "2015.12.18"]
[Round "1.9"]
[White "Garcia Navarro, Jose Jesus"]
[Black "Rodriguez Martinez, Fco"]
[Result "1-0"]
[WhiteElo "1750"]
[BlackElo "1431"]
[PlyCount "81"]
[EventDate "2015.12.18"]
[EventType "swiss"]
[EventRounds "7"]
[EventCountry "ESP"]
[Source "lmi"]
[SourceDate "2015.12.18"]

1. e4 e5 2. d4 exd4 3. Nf3 d6 4. Nxd4 Nf6 5. Nc3 Be7 6. Bf4 O-O 7. Be2 Re8 8.
Qd2 Nbd7 9. f3 Bf8 10. g4 Ne5 11. O-O-O a6 12. h4 c5 13. Nf5 b5 14. g5 Bxf5 15.
gxf6 Be6 16. fxg7 Bxg7 17. Rdg1 Kh8 18. h5 Rg8 19. Rd1 b4 20. h6 Bf6 21. Nd5
Rg2 22. Qe3 Bxd5 23. Rxd5 Qe7 24. Rhd1 Rd8 25. Bf1 Rgg8 26. Kb1 a5 27. Bb5 Qc7
28. Be2 c4 29. Bxe5 dxe5 30. c3 Rxd5 31. Rxd5 Bg5 32. Qc5 Qb8 33. Qxa5 bxc3 34.
Qxc3 Qb6 35. a3 Rb8 36. Bxc4 f6 37. Ka2 Be3 38. Rb5 Qc7 39. Rxb8+ Qxb8 40. Qxe3
Qf8 41. Bd5 1-0

[Event "2 Festival Juan Martínez Sola - Grupo B"]
[Site "Almería ESP"]
[Date "2015.12.18"]
[Round "2.2"]
[White "Moreno Alberti, Manuel"]
[Black "Wang Qiu, Jorge"]
[Result "1-0"]
[WhiteElo "1943"]
[BlackElo "1682"]
[PlyCount "69"]
[EventDate "2015.12.18"]
[EventType "swiss"]
[EventRounds "7"]
[EventCountry "ESP"]
[Source "lmi"]
[SourceDate "2015.12.18"]

1. e4 e5 2. Nf3 f5 3. Nxe5 Qf6 4. d4 d6 5. Nc4 fxe4 6. Nc3 Bf5 7. Ne3 c6 8. d5
Ne7 9. g3 g6 10. Bg2 Bg7 11. Nxe4 Bxe4 12. Bxe4 O-O 13. O-O Nd7 14. c3 c5 15.
a4 Nf5 16. Nc4 Ne5 17. Nxe5 Qxe5 18. Bg2 Rae8 19. Bf4 Qf6 20. Qd2 h6 21. Qd3 g5
22. Bd2 h5 23. Rae1 Rxe1 24. Rxe1 h4 25. Re6 Qf7 26. Qe2 Be5 27. Qg4 Ng7 28.
Be3 Nxe6 29. dxe6 Qe8 30. Qxg5+ Bg7 31. e7 Rf6 32. Bd5+ Kh8 33. Qxh4+ Bh6 34.
Bxh6 Qg6 35. Bf8+ 1-0

[Event "2 Festival Juan Martínez Sola - Grupo B"]
[Site "Almería ESP"]
[Date "2015.12.18"]
[Round "2.3"]
[White "Mena Hernandez, Diego"]
[Black "Jimenez Ramallo, Francisco J"]
[Result "0-1"]
[WhiteElo "1695"]
[BlackElo "1908"]
[PlyCount "60"]
[EventDate "2015.12.18"]
[EventType "swiss"]
[EventRounds "7"]
[EventCountry "ESP"]
[Source "lmi"]
[SourceDate "2015.12.18"]

1. d4 e6 2. Nf3 d5 3. Bf4 c5 4. e3 Qb6 5. Na3 c4 6. Rb1 Bxa3 7. bxa3 Qa5+ 8.
Qd2 Qxa3 9. c3 Nf6 10. Qc2 Ne4 11. Bxc4 dxc4 12. Qxe4 Qxc3+ 13. Nd2 O-O 14. Bd6
f5 15. Qf4 Qd3 16. Rc1 c3 17. Nf3 Bd7 18. e4 Rc8 19. Bxb8 Raxb8 20. Ne5 Qb5 21.
Nxd7 Qxd7 22. Rxc3 Rxc3 23. Qxb8+ Rc8 24. Qf4 Qb5 25. exf5 Qb1+ 26. Ke2 Qxh1
27. fxe6 Qxg2 28. Qf7+ Kh8 29. e7 Qe4+ 30. Kd1 Qd3+ 0-1

[Event "2 Festival Juan Martínez Sola - Grupo B"]
[Site "Almería ESP"]
[Date "2015.12.18"]
[Round "2.4"]
[White "Amat Camacho, Alejandro"]
[Black "Moya Albaladejo, Jose Antonio"]
[Result "0-1"]
[WhiteElo "1678"]
[BlackElo "1876"]
[PlyCount "136"]
[EventDate "2015.12.18"]
[EventType "swiss"]
[EventRounds "7"]
[EventCountry "ESP"]
[Source "lmi"]
[SourceDate "2015.12.18"]

1. e4 e5 2. Nf3 Nc6 3. d4 exd4 4. Bc4 Nf6 5. O-O Bc5 6. c3 Nxe4 7. b4 Be7 8.
Nxd4 d5 9. Bb3 O-O 10. Bf4 Re8 11. Nb5 Nd6 12. Nxd6 Bxd6 13. Bxd6 Qxd6 14. Bxd5
Be6 15. Bf3 Qe5 16. Re1 Qf6 17. Qe2 Nxb4 18. Na3 Nc6 19. Nb5 Rec8 20. Rad1 a6
21. Bxc6 bxc6 22. Nd4 Bd7 23. Qc4 g6 24. Re2 Qd6 25. Red2 Qf6 26. Rd3 Rf8 27.
Nb3 Bf5 28. R3d2 Kg7 29. g4 Bc8 30. Na5 Be6 31. Qxc6 Bxg4 32. Qxf6+ Kxf6 33. f3
Be6 34. Nc6 a5 35. a3 Ra6 36. Nd4 Bc8 37. c4 c5 38. Nb5 Be6 39. Nc7 Rb6 40.
Nd5+ Bxd5 41. Rxd5 Rc8 42. Rd6+ Rxd6 43. Rxd6+ Ke5 44. Rd5+ Kf4 45. Kg2 f5 46.
h4 a4 47. Kh3 Kxf3 48. h5 Ke4 49. h6 Rc7 50. Kh4 Kf4 51. Rd8 Rb7 52. Rg8 Rb1
53. Kh3 Rh1+ 54. Kg2 Rxh6 55. Rc8 g5 56. Rxc5 Rb6 57. Ra5 Rb2+ 58. Kf1 Rc2 59.
Rxa4 Kf3 60. Ke1 g4 61. Rb4 Rc3 62. a4 g3 63. Kd2 Ra3 64. c5 g2 65. Rb1 Rxa4
66. Kd3 Ra8 67. Kd4 f4 68. Rb3+ Kf2 0-1

[Event "2 Festival Juan Martínez Sola - Grupo B"]
[Site "Almería ESP"]
[Date "2015.12.18"]
[Round "2.5"]
[White "Molina Molina, Carlos Javier"]
[Black "Serrano Cattoni, Francisco"]
[Result "0-1"]
[WhiteElo "1659"]
[BlackElo "1762"]
[PlyCount "132"]
[EventDate "2015.12.18"]
[EventType "swiss"]
[EventRounds "7"]
[EventCountry "ESP"]
[Source "lmi"]
[SourceDate "2015.12.18"]

1. e4 c5 2. Nf3 a6 3. c4 Nc6 4. Nc3 e6 5. Be2 Qc7 6. O-O Nf6 7. Re1 Ng4 8. h3
h5 9. Bf1 Nd4 10. g3 Ne5 11. Nxe5 Qxe5 12. d3 Qf6 13. Bg2 g5 14. e5 Qf5 15. Ne4
Be7 16. Nd6+ Bxd6 17. exd6 Rb8 18. b4 b6 19. Bb2 Rh6 20. Bxd4 cxd4 21. Rb1 g4
22. h4 Rf6 23. Qd2 Bb7 24. Bxb7 Rxb7 25. c5 Kf8 26. Rbc1 Qd5 27. cxb6 Rxb6 28.
Rc8+ Kg7 29. Rc5 Qf3 30. Qg5+ Rg6 31. Qe5+ Qf6 32. a3 Rh6 33. Rc7 Qxe5 34. Rxe5
Rxd6 35. Ra5 Rf6 36. Kf1 Rf5 37. Rxf5 exf5 38. Ke1 Kf6 39. Kd2 Ke5 40. Rc5+ Rd5
41. Rc8 a5 42. Rf8 Kf6 43. Rh8 f4 44. Re8 axb4 45. axb4 fxg3 46. fxg3 Rb5 47.
Rd8 Rxb4 48. Rxd7 Ke6 49. Rd8 Rb2+ 50. Ke1 Rg2 51. Rxd4 Rxg3 52. Kf2 Rf3+ 53.
Kg2 f5 54. Rd8 Rh3 55. Re8+ Kf7 56. Re5 Kf6 57. Rd5 Rxh4 58. d4 Rh3 59. Rd8 h4
60. Re8 Rd3 61. Rd8 Ke7 62. Rd5 f4 63. Kh2 Rd2+ 64. Kg1 h3 65. Rg5 g3 66. Kf1
h2 0-1

[Event "2 Festival Juan Martínez Sola - Grupo B"]
[Site "Almería ESP"]
[Date "2015.12.18"]
[Round "2.6"]
[White "Gazquez Corral, Alba"]
[Black "Rubio Garcia, Antonio Ramon"]
[Result "1-0"]
[WhiteElo "1761"]
[BlackElo "1663"]
[PlyCount "69"]
[EventDate "2015.12.18"]
[EventType "swiss"]
[EventRounds "7"]
[EventCountry "ESP"]
[Source "lmi"]
[SourceDate "2015.12.18"]

1. e4 g6 2. d4 Bg7 3. Nc3 a6 4. Be3 d6 5. Bc4 b5 6. Bb3 Bb7 7. f3 Nd7 8. Nge2
e6 9. O-O Ne7 10. Nf4 e5 11. dxe5 dxe5 12. Nfd5 Nxd5 13. Nxd5 O-O 14. Qd2 c6
15. Nc3 Qc7 16. Rad1 Rad8 17. Qf2 a5 18. a3 Qb8 19. Bg5 Bf6 20. Be3 Bg7 21. Rd2
Nf6 22. Rfd1 Rxd2 23. Qxd2 Rc8 24. Bc5 Bf8 25. Bxf8 Kxf8 26. Qg5 Kg7 27. Qd2
Kf8 28. Ne2 Ke7 29. Qxa5 Ba8 30. Qd2 c5 31. c4 bxc4 32. Bxc4 Bc6 33. Nc3 Rc7
34. Qd6+ Ke8 35. Qxf6 1-0

[Event "2 Festival Juan Martínez Sola - Grupo B"]
[Site "Almería ESP"]
[Date "2015.12.18"]
[Round "2.7"]
[White "Moreno Lopez, Avelino"]
[Black "Garcia Navarro, Jose Jesus"]
[Result "0-1"]
[WhiteElo "1624"]
[BlackElo "1750"]
[PlyCount "116"]
[EventDate "2015.12.18"]
[EventType "swiss"]
[EventRounds "7"]
[EventCountry "ESP"]
[Source "lmi"]
[SourceDate "2015.12.18"]

1. d4 d5 2. c4 e6 3. Nc3 c5 4. cxd5 cxd4 5. Qa4+ Bd7 6. Qxd4 exd5 7. Nf3 Nf6 8.
Bg5 Nc6 9. Qd2 Bb4 10. Qe3+ Be6 11. Bxf6 Qxf6 12. O-O-O Bxc3 13. bxc3 Rc8 14.
Kb2 Na5 15. Qd4 Nc4+ 16. Ka1 Qe7 17. e3 O-O 18. Bd3 Qa3 19. Rb1 Na5 20. Qb4
Qxc3+ 21. Qxc3 Rxc3 22. Be2 Rfc8 23. Nd4 g6 24. g4 a6 25. h3 b5 26. Rhd1 R8c5
27. Bd3 Kg7 28. Kb2 Rc8 29. Rd2 Kf6 30. Rdd1 R3c7 31. Ka1 Nb7 32. a4 Bd7 33.
axb5 axb5 34. Bxb5 Ra8+ 35. Kb2 Bxb5 36. Nxb5 Rc5 37. Nc3 Rac8 38. Nxd5+ Ke5
39. Nb4 Rb5 40. Kb3 Rb8 41. Rd4 Nd6 42. Kc2 Ke6 43. Kc3 f5 44. f3 Rc8+ 45. Kd3
Ra8 46. Kc2 Rc8+ 47. Kd3 fxg4 48. hxg4 Rcb8 49. Kc3 Rc5+ 50. Kd3 Rcb5 51. Kc3
h5 52. Rbd1 Rc5+ 53. Kb3 Nb5 54. Re4+ Kf6 55. Na6 Nd4+ 56. Ka4 Rc4+ 57. Ka3
Rb3+ 58. Ka2 Ra4# 0-1

[Event "2 Festival Juan Martínez Sola - Grupo B"]
[Site "Almería ESP"]
[Date "2015.12.18"]
[Round "2.10"]
[White "Moreno Bello, Miguel"]
[Black "Andres Zamorano, Cayo"]
[Result "1-0"]
[WhiteElo "1710"]
[BlackElo "1604"]
[PlyCount "93"]
[EventDate "2015.12.18"]
[EventType "swiss"]
[EventRounds "7"]
[EventCountry "ESP"]
[Source "lmi"]
[SourceDate "2015.12.18"]

1. a3 Nf6 2. Nc3 e6 3. e4 d6 4. d4 Be7 5. Be3 O-O 6. g4 e5 7. Be2 exd4 8. Bxd4
Nc6 9. Be3 Ne5 10. h3 Be6 11. g5 Nfd7 12. f4 Nc4 13. Bf2 Bxg5 14. Bxc4 Bxc4 15.
fxg5 Qxg5 16. Nf3 Qf4 17. Rg1 Ne5 18. Nxe5 dxe5 19. Qg4 Qh6 20. Qg3 Rae8 21.
Be3 Qg6 22. Qf2 Kh8 23. Rxg6 fxg6 24. Qg1 Rf3 25. O-O-O c6 26. h4 Ref8 27. Qe1
h6 28. b3 Be6 29. Kb2 Bg4 30. Qd2 Kh7 31. Rg1 Bh5 32. Bxa7 b5 33. Bc5 R8f7 34.
Qd6 Rh3 35. Qe6 Rff3 36. Qxe5 Rxh4 37. Bd4 Rf6 38. Qe7 Rhf4 39. Bxf6 Rxf6 40.
e5 Rf3 41. Rd1 g5 42. e6 Rxc3 43. Kxc3 Bxd1 44. Qf7 c5 45. e7 b4+ 46. axb4
cxb4+ 47. Kd4 1-0

[Event "2 Festival Juan Martínez Sola - Grupo B"]
[Site "Almería ESP"]
[Date "2015.12.18"]
[Round "2.11"]
[White "Alonso Garcia, Aaron"]
[Black "Torres Lopez, Jose"]
[Result "1-0"]
[WhiteElo "1898"]
[BlackElo "1186"]
[PlyCount "73"]
[EventDate "2015.12.18"]
[EventType "swiss"]
[EventRounds "7"]
[EventCountry "ESP"]
[Source "lmi"]
[SourceDate "2015.12.18"]

1. e4 d6 2. d4 g6 3. Nc3 Bg7 4. Be3 Nd7 5. Qd2 Ngf6 6. f3 c6 7. O-O-O b5 8. Bh6
Bxh6 9. Qxh6 Bb7 10. e5 Nd5 11. Nxd5 cxd5 12. exd6 e6 13. Bxb5 Qb6 14. Qg7
O-O-O 15. Bxd7+ Kxd7 16. Qxf7+ Kxd6 17. Re1 Rde8 18. Qf6 Rhg8 19. Ne2 g5 20.
Ng3 Kd7 21. Qf7+ Kd6 22. Nf5+ Kc6 23. Rxe6+ Rxe6 24. Qxe6+ Kc7 25. Qxg8 Bc8 26.
Ne7 Be6 27. Nxd5+ Bxd5 28. Qxd5 Qf6 29. Qe5+ Qd6 30. Qxd6+ Kxd6 31. c4 h5 32.
Re1 a5 33. Kd2 a4 34. d5 Kc5 35. Kc3 h4 36. Re6 a3 37. b4# 1-0

[Event "2 Festival Juan Martínez Sola - Grupo B"]
[Site "Almería ESP"]
[Date "2015.12.18"]
[Round "2.12"]
[White "Portero Bravo, Aitana"]
[Black "Fernandez Salmeron, Ricardo"]
[Result "0-1"]
[WhiteElo "1180"]
[BlackElo "1825"]
[PlyCount "126"]
[EventDate "2015.12.18"]
[EventType "swiss"]
[EventRounds "7"]
[EventCountry "ESP"]
[Source "lmi"]
[SourceDate "2015.12.18"]

1. e4 d6 2. d4 Nf6 3. Nc3 c6 4. Nf3 Qa5 5. Bd2 e5 6. dxe5 dxe5 7. Nd5 Qd8 8.
Bg5 cxd5 9. Nxe5 a6 10. Be2 Be7 11. exd5 Qa5+ 12. c3 Qxd5 13. Qxd5 Nxd5 14. Bd2
Nc6 15. Nf3 Bf5 16. O-O O-O 17. h3 Rad8 18. c4 Ndb4 19. Bc3 Nd3 20. Rad1 Nf4
21. Rxd8 Rxd8 22. Bd1 Bd3 23. Re1 Bxc4 24. b3 Be6 25. Bc2 h6 26. Bd2 Nd5 27.
Kh2 Bb4 28. Bxb4 Ndxb4 29. Be4 Nxa2 30. Bxc6 bxc6 31. Ne5 Bd5 32. Rd1 Rb8 33.
Rd3 Nc1 34. Rd1 Nxb3 35. Rb1 Rb5 36. Nd3 a5 37. Ne1 a4 38. Nc2 Be4 39. Rb2 Bxc2
40. Rxc2 c5 41. Ra2 Ra5 42. Kg1 a3 43. Kf1 Nc1 44. Rc2 a2 45. Rxc1 a1=Q 46.
Rxa1 Rxa1+ 47. Ke2 Kf8 48. Kd3 Ra4 49. g4 Ke7 50. f3 Kd6 51. Ke3 Kd5 52. Kd3
Ra3+ 53. Kd2 Kd4 54. Ke2 Ra2+ 55. Kd1 Ke3 56. Kc1 Kd3 57. Kb1 Rf2 58. Ka1 c4
59. f4 c3 60. Kb1 c2+ 61. Ka2 c1=Q+ 62. Kb3 Rb2+ 63. Ka3 Qa1# 0-1

[Event "2 Festival Juan Martínez Sola - Grupo B"]
[Site "Almería ESP"]
[Date "2015.12.19"]
[Round "3.1"]
[White "Molano Lafuente, Ismael"]
[Black "Serrano Cattoni, Francisco"]
[Result "1-0"]
[WhiteElo "1987"]
[BlackElo "1762"]
[PlyCount "127"]
[EventDate "2015.12.18"]
[EventType "swiss"]
[EventRounds "7"]
[EventCountry "ESP"]
[Source "lmi"]
[SourceDate "2015.12.18"]

1. e4 c5 2. b3 e5 3. Bb2 Nc6 4. Bc4 Nf6 5. Nc3 a6 6. a4 d6 7. Nge2 Nd4 8. d3
Bg4 9. h3 Bh5 10. Qd2 Qa5 11. Nxd4 cxd4 12. Nd5 Qxd2+ 13. Kxd2 Nxd5 14. Bxd5
O-O-O 15. g4 Bg6 16. c3 dxc3+ 17. Bxc3 Be7 18. h4 h5 19. g5 Kb8 20. f4 f6 21.
f5 Bh7 22. Ba5 Rdf8 23. Rac1 Bd8 24. Bxd8 Rxd8 25. gxf6 gxf6 26. Rhg1 Bg8 27.
Rg7 Bxd5 28. exd5 Rdg8 29. Rcc7 Rxg7 30. Rxg7 Rh6 31. Rg6 Rh8 32. Rxf6 Kc7 33.
Ke3 Rg8 34. Rg6 Rf8 35. Ke4 a5 36. f6 Kb6 37. Kf5 Kc5 38. Ke6 Kb4 39. Rg7 Kc3
40. Rc7+ Kxd3 41. Ke7 Rh8 42. f7 e4 43. f8=Q Rxf8 44. Kxf8 Kd4 45. Ke7 Kxd5 46.
Rd7 e3 47. Rxd6+ Ke4 48. Kf6 e2 49. Re6+ Kf3 50. Kg5 Kf2 51. Kxh5 e1=Q 52. Rxe1
Kxe1 53. Kg4 Kd2 54. h5 Kc3 55. h6 Kxb3 56. h7 Kxa4 57. h8=Q b5 58. Qb2 b4 59.
Kf4 b3 60. Ke4 Kb4 61. Kd3 a4 62. Kd4 a3 63. Qc3+ Ka4 64. Kc5 1-0

[Event "2 Festival Juan Martínez Sola - Grupo B"]
[Site "Almería ESP"]
[Date "2015.12.19"]
[Round "3.2"]
[White "Pulido Moyano, Rafael"]
[Black "Moreno Alberti, Manuel"]
[Result "0-1"]
[WhiteElo "1632"]
[BlackElo "1943"]
[PlyCount "94"]
[EventDate "2015.12.18"]
[EventType "swiss"]
[EventRounds "7"]
[EventCountry "ESP"]
[Source "lmi"]
[SourceDate "2015.12.18"]

1. e4 c5 2. Nc3 a6 3. Nf3 d6 4. d4 cxd4 5. Nxd4 Nf6 6. Be2 e6 7. O-O b5 8. a3
Bb7 9. Bf3 Qc7 10. Re1 Nbd7 11. Bg5 Be7 12. Bxf6 Nxf6 13. e5 dxe5 14. Bxb7 Qxb7
15. Rxe5 Rd8 16. Qf3 Qxf3 17. Nxf3 Nd7 18. Re2 Bf6 19. Re3 Nb6 20. Rd1 Nc4 21.
Rxd8+ Kxd8 22. Rd3+ Ke7 23. Nd1 Nxb2 24. Nxb2 Bxb2 25. Rb3 Rd8 26. Kf1 Bf6 27.
Ke2 Rc8 28. Kd3 Rc4 29. c3 Ra4 30. Nd2 Bg5 31. Ne4 Bc1 32. Nc5 Ra5 33. Nb7 Rxa3
34. Rxa3 Bxa3 35. Na5 Kd6 36. c4 f6 37. cxb5 axb5 38. Nb3 Bc5 39. f3 Kd5 40. f4
e5 41. fxe5 fxe5 42. Nd2 Bd4 43. g3 b4 44. h3 Bc3 45. Ne4 Be1 46. g4 b3 47. Ng5
e4+ 0-1

[Event "2 Festival Juan Martínez Sola - Grupo B"]
[Site "Almería ESP"]
[Date "2015.12.19"]
[Round "3.3"]
[White "Jimenez Ramallo, Francisco J"]
[Black "Gazquez Corral, Alba"]
[Result "1-0"]
[WhiteElo "1908"]
[BlackElo "1761"]
[PlyCount "83"]
[EventDate "2015.12.18"]
[EventType "swiss"]
[EventRounds "7"]
[EventCountry "ESP"]
[Source "lmi"]
[SourceDate "2015.12.18"]

1. c4 d6 2. Nc3 g6 3. g3 Bg7 4. Bg2 Nf6 5. d4 O-O 6. e3 e5 7. Nf3 Nbd7 8. O-O
Re8 9. a4 c6 10. a5 Qe7 11. a6 bxa6 12. dxe5 dxe5 13. Ng5 Bb7 14. Nge4 Rad8 15.
Qb3 Nb6 16. c5 Nc8 17. Nxf6+ Bxf6 18. Ne4 Bg7 19. Bd2 Rd7 20. Bh3 Rd5 21. Bb4
Red8 22. Ba5 Rf8 23. Nd6 Rxc5 24. Qxb7 Qxd6 25. Bxc8 Rb5 26. Qxa6 Rxb2 27. Bb7
Rb8 28. Bxc6 Rc2 29. Rac1 Ra2 30. Qxa7 Rc8 31. Qb7 Rb8 32. Qc7 Qxc7 33. Bxc7
Rc8 34. Bd5 Rd2 35. e4 h5 36. Ba5 Rdc2 37. Rxc2 Rxc2 38. Rb1 Rc5 39. Rb8+ Kh7
40. Bb6 Rc1+ 41. Kg2 Rc2 42. Bxf7 1-0